| 000 | 00395nam a2200145Ia 4500 | ||
|---|---|---|---|
| 008 | 150201s2000 xx 000 0 und d | ||
| 082 |
_a612.015 _bC2000V |
||
| 100 | _aDM VASUDEVAN | ||
| 245 | _aCOMPANION TO THE TEXTBOOK OF BIOCHEMISTRY FOR MEDICAL STUDENTS | ||
| 250 | _a1ST | ||
| 260 |
_bJAYPEE MEDICAL PUBLISHER _aDELHI _c2000 |
||
| 300 | _a1-350 | ||
| 650 | _aBIOCHEMISTRY | ||
| 942 |
_2ddc _cBK |
||
| 999 |
_c2553 _d2553 |
||